LEADER 02802nam 2200541 a 450 001 9910792098003321 005 20230124184503.0 010 $a1-60805-308-3 035 $a(CKB)2560000000091230 035 $a(EBL)1039605 035 $a(OCoLC)847504021 035 $a(SSID)ssj0000941425 035 $a(PQKBManifestationID)11543915 035 $a(PQKBTitleCode)TC0000941425 035 $a(PQKBWorkID)10964089 035 $a(PQKB)10370646 035 $a(MiAaPQ)EBC1039605 035 $a(Au-PeEL)EBL1039605 035 $a(CaPaEBR)ebr10587890 035 $a(EXLCZ)992560000000091230 100 $a20120820d2012 uy 0 101 0 $aeng 135 $aur|n|---||||| 181 $ctxt 182 $cc 183 $acr 200 00$aAdvanced materials for membrane preparation$b[electronic resource] /$feditor, M.G. Buonomenna ; co-editor, G. Golemme 210 $a[Oak Park, Ill.] $cBentham eBooks$d[2012] 215 $a1 online resource (303 p.) 300 $aDescription based upon print version of record. 311 $a1-60805-505-1 320 $aIncludes bibliographical references and index. 327 $a""01 Title.pdf""; ""02 Cover Page""; ""03 REVISED eBooks End User License Agreement-Website""; ""04 Content""; ""05 Foreword""; ""06 Preface""; ""07 List of Contributors""; ""08 Chapter 1 Tan_Li_R1""; ""09 Chapter 2 Gallucci_R1""; ""10 Chapter 3 J""; ""11 Chapter 4 Marand_JKJ_R1""; ""12 Chapter 5 Chung_R1""; ""13 Chapter 6 Balkus_R1""; ""14 Chapter 7 Nunes[1]_R1""; ""15 Chapter 8 Golemme_R1""; ""16 Chapter 9 Goddard_R1""; ""17 Chapter 10 W""; ""18 Chapter 11 Roizard_R1""; ""19 Chapter 12 Vera Meynen_R1""; ""20 Chapter 13 van_der_Bruggen[1]_R1""; ""21 Chapter 14 Buonomenna_R1""; ""22 Index"" 330 $a""The need to reduce pollution and the waste of energy and resources imposes a wider diffusion of environmentally friendly membrane systems. The expanding domain of membrane operations demands tailored materials with unprecedented performances and resistance to temperature, chemicals and solvents, at affordable costs. Today, new polymeric, inorganic and hybrid materials are specifically engineered for the preparation of advanced membranes for industrial applications. This e-book gives readers an overview of the state-of-the-art materials science of synthetic membranes. Membranes for natural g 606 $aMaterials science 606 $aMaterials 615 0$aMaterials science. 615 0$aMaterials. 676 $a620.1129902856693 701 $aBuonomenna$b Maria Giovanna$01575054 701 $aGolemme$b G$01575055 801 0$bMiAaPQ 801 1$bMiAaPQ 801 2$bMiAaPQ 906 $aBOOK 912 $a9910792098003321 996 $aAdvanced materials for membrane preparation$93851734 997 $aUNINA LEADER 02668nam 2200661z- 450 001 9910557373403321 005 20220111 035 $a(CKB)5400000000042157 035 $a(oapen)https://directory.doabooks.org/handle/20.500.12854/76368 035 $a(oapen)doab76368 035 $a(EXLCZ)995400000000042157 100 $a20202201d2021 |y 0 101 0 $aeng 135 $aurmn|---annan 181 $ctxt$2rdacontent 182 $cc$2rdamedia 183 $acr$2rdacarrier 200 00$aBrain Asymmetry in Evolution 210 $aBasel, Switzerland$cMDPI - Multidisciplinary Digital Publishing Institute$d2021 215 $a1 online resource (70 p.) 311 08$a3-0365-0612-8 311 08$a3-0365-0613-6 330 $aIn higher mammals, including primates and carnivores, the asymmetrical aspects of brain morphology and function have been shown to be species-related, sex-related, and subject to individual diversity, and are associated with cognition, emotion, language, preference of hand/paw use, and numerous other aspects. Disturbance of the brain lateralization is involved in human neurodevelopmental disorders with cognitive impairments, social deficits, and/or specific language impairments. Asymmetric development may be essential to the evolution of the brain in acquiring higher and/or more diverse functions. The purpose of this Special Issue on "Brain Asymmetry in Evolution" is to highlight morphological and functional lateralization of the brain in various species of mammals toward understanding the evolution of the brain. 606 $aMedicine and Nursing$2bicssc 606 $aNeurosciences$2bicssc 610 $aasymmetry 610 $acerebellum 610 $aevolution 610 $aevolutionary expansion 610 $aferret 610 $afish 610 $agyrification 610 $aheart rate 610 $ahuman 610 $alanguage laterality 610 $alateralization 610 $amethodological artefacts 610 $aMRI 610 $anon-human primate 610 $aOld World monkey 610 $aoxyhemoglobin level 610 $apersistent homology 610 $asex difference 610 $aside bias 610 $astate anxiety 610 $astructural asymmetry 610 $asymmetry 610 $atask performance 610 $atopological data analysis 610 $avolumetry 615 7$aMedicine and Nursing 615 7$aNeurosciences 700 $aSawada$b Kazuhiko$4edt$01301484 702 $aSawada$b Kazuhiko$4oth 906 $aBOOK 912 $a9910557373403321 996 $aBrain Asymmetry in Evolution$93025901 997 $aUNINA